| 000 | 01101nam a22002657a 4500 | ||
|---|---|---|---|
| 999 |
_c15077 _d15077 |
||
| 003 | AR-CdUCM | ||
| 008 | 190416b ||||| |||| 00| 0 spa d | ||
| 040 |
_aMUNICIPALIDAD PROVINCIAL DEL CUSCO _cBIBLIOTECA MUNICIPAL DEL CUSCO |
||
| 082 |
_aC / 985.611 / _bAV91 |
||
| 100 |
_aAvendaño, Ángel _9875 |
||
| 245 |
_aAtenas y Qosqo : _bAproximaciones y encuentros / |
||
| 260 |
_aQosqo : _bMunicipalidad Provincial del Qosqo, _c1993. |
||
| 300 |
_a136 páginas ; _bfotografías, _c27.5 cm. |
||
| 500 | _a"A la memoria de Antonio Tritsis". | ||
| 505 | _aContenido: A la memoria de Antonis Tritsis, Alcalde de Atenas -- Filosofía y pachasofía -- Los mitos, problema humano y esperanzas cósmicas -- La región del medio: Los Andes y el Qosqo -- Atenas: Geografía real y espacio mítico ... | ||
| 650 |
_aCusco _9772 |
||
| 650 |
_aHistoria _9136 |
||
| 650 |
_aAtenas _932196 |
||
| 650 |
_aGrecia _92521 |
||
| 700 |
_aHabich, Edgardo de (prólogo) _932197 |
||
| 700 |
_aEstrada Pérez, Daniel _94652 |
||
| 710 |
_aMunicipalidad del Qosqo. _96414 |
||
| 942 |
_2ddc _cLIBROS |
||
| 945 |
_awfj _d2019-04-25 |
||